LIBRARY ONLINE CATALOGUE

English vocabulary in use : (Record no. 10410)

MARC details
000 -LEADER
fixed length control field 00764nam a22002292 4500
001 - CONTROL NUMBER
control field 0000024898
005 - DATE AND TIME OF LATEST TRANSACTION
control field 20151217152306.0
008 - FIXED-LENGTH DATA ELEMENTS--GENERAL INFORMATION
fixed length control field 140324s xx 000 0 eng d
020 ## - INTERNATIONAL STANDARD BOOK NUMBER
International Standard Book Number 0521684569 :
040 ## - CATALOGING SOURCE
Original cataloging agency KABU
Transcribing agency KABU
100 1# - MAIN ENTRY--PERSONAL NAME
Personal name McCarthy, Michael.
-- 0000185162
245 10 - TITLE STATEMENT
Title English vocabulary in use :
Remainder of title upper-intermediate /
Statement of responsibility, etc. Michael McCarthy, Felicity O'Dell.
250 ## - EDITION STATEMENT
Edition statement New ed.
260 ## - PUBLICATION, DISTRIBUTION, ETC. (IMPRINT)
Place of publication, distribution, etc. Cambridge :
Name of publisher, distributor, etc. C. U. P.,
Date of publication, distribution, etc. 2001.
300 ## - PHYSICAL DESCRIPTION
Extent 296 p.
650 #0 - SUBJECT ADDED ENTRY--TOPICAL TERM
Topical term or geographic name as entry element English language
General subdivision Textbooks for foreign speakers.
-- 0000152039
650 #0 - SUBJECT ADDED ENTRY--TOPICAL TERM
Topical term or geographic name as entry element Vocabulary.
General subdivision Problems, exercises, etc.
-- 0000185163
700 1# - ADDED ENTRY--PERSONAL NAME
Personal name O'Dell, Felicity.
-- 0000185164
852 1# - LOCATION
-- p2750 KES
908 ## - PUT COMMAND PARAMETER (RLIN)
Put command parameter 140324
950 ## - LOCAL HOLDINGS (RLIN)
-- 1
Holdings
Withdrawn status Lost status Source of classification or shelving scheme Not for loan Home library Current library Date acquired Total Checkouts Full call number Barcode Date last seen Date last checked out Price effective from Koha item type
    Library of Congress Classification   Kabarak, Main Campus Kabarak, Main Campus 17/12/2015 1 PE1128 .M33 2001 c. 1 017906 23/01/2020 14/01/2020 17/12/2015 General Collection